000 00978nas a2200313 4500
001 BR2018001000
003 BR-BrBNA
005 20231205131327.0
007 ta
008 230509b bl.|||p| |||| 00| 00por d
040 _aBR-BrBNA
_bpor
_cBiblioteca Nacional de Agricultura
041 _a(Pt)
072 _aH10
100 1 _aGrigolli, J.F.J.
100 1 _aCrosariol Netto, J.
100 1 _aIzeppi, T.S.
100 1 _aSouza, L.A. de
100 1 _aFraga, D.F.
100 1 _aBusoli, A.C.
245 1 _aInfestação de Anthonomus grandis (Coleoptera: Curculionidae)em rebrota de algodoeiro
650 _aALGODÃO
650 _aPRAGA DE PLANTA
650 _aBICUDO
650 _aREBROTA
773 0 _tPesquisa Agropecuária Tropical (Brazil)
_xISSN 1983-4063
_g(Apr-Jun 2015), v. 45(2) p. 200-208
_wBR2018001000
856 4 0 _uhttp://www.scielo.br/pdf/pat/v45n2/1517-6398-pat-45-02-0200.pdf
909 _a202311
_bLúcia
_c55
_dLúcia Elande
942 _2AGRIS
_n0
_cANA
999 _c254204
_d254204